000 00905nam a2200241Ia 4500
003 Ost
005 20260507075310.0
008 260507s9999||||xx |||||||||||||| ||und||
020 _a3117189957
040 _cfsecg
041 _aara
082 _a330
100 _aالصيرفي، محمد عبد الفتاح
_eمؤلف
245 0 _aإدارة البنوك /
_c محمد عبد الفتاح الصيرفي
260 _aعمان:
_bالمناهج,
_c2006
300 _a305 صفحة؛
_bإيضاحات ؛
_c25 سم
520 _aماهية البنك ووظائفه و أهدافه- التخطيط لانشطة البنوك- تنظيم البنوك التجارية و أخيرا الرقابة على أنشطة البنوك .
653 _aالادارة
653 _aالبنوك
653 _aالبنوك ــ ادارة
653 _aالبنوك التجارية
942 _cكتاب
999 _c43860
_d43860